000 00293nam a22001337a 4500
008 210224b ||||| |||| 00| 0 eng d
020 _a0442302061
041 _aeng
080 _a621
100 _a26
101 _aMEK
245 _aEngingeering Mathematics
_cSpencer ,J.A
942 _2udc
_cBK
999 _c55131
_d55131